00618nam a2200193 i 450000100060000000300090000600500170001500700030003200800410003510000380007624500360011426000340015030000270018449000100021183000320022185200320025399900170028595201220030298367ES-MaACL20251116063058.0t|050728s1973 sp ||||1| spa d1 aMartín, Carlos, d1914-916275910aEs la hora / cCarlos Martín. aMadrid : bAlfaguara, c1973. a79 p., 3 h. ; c22 cm.1 aAgora0 aColección Ágora9180771 aES-MaACLjC-52468 bR.85736 c98367d98367 00104070aATENEOMbATENEOMcDEPO2d2008-01-17eSCl0oC-52468p1102687r2023-02-23 00:00:00w2023-02-23yMONOGRAFIA